000 00267nam a2200109Ia 4500
008 201231s9999 xx 000 0 und d
100 _aGreenhill, Allington
245 0 _a(The) First Atlantic Liners
260 _aLondon
_bConway Maritime
300 _a167
942 _cBK
999 _c9619
_d9619